Justin Bieber Charting Songs (Billboard Hot 100) - Statistics

General Stats
  • This quiz has been taken 397 times
    68 since last reset
  • The average score is 41 of 123
Answer Stats
Album Weeks On Peak Artist(s) Song % Correct
My World 2.0 22 Weeks #5 Justin Bieber ft. Ludacris Baby
98%
Purpose 42 Weeks #1 (3 Weeks) Justin Bieber Sorry
98%
F*ck Love 3: Over You 63 Weeks #1 (7 Weeks) Kid LAROI & Justin Bieber Stay
96%
Vida 52 Weeks #1 (16 Weeks) Luis Fonsi & Daddy Yankee ft. Justin Bieber Despacito
93%
Purpose 31 Weeks #1 (1 Week) Justin Bieber What Do You Mean?
93%
Purpose 41 Weeks #1 (2 Weeks) Justin Bieber Love Yourself
91%
Justice 30 Weeks #1 (1 Week) Justin Bieber ft. Giveon & Daniel Caesar Peaches
87%
Believe 26 Weeks #5 Justin Bieber ft. Nicki Minaj Beauty and a Beat
83%
Non-Album Single 18 Weeks #1 (1 Week) Ariana Grande & Justin Bieber stuck with u
78%
Changes 15 Weeks #2 Justin Bieber Yummy
78%
Believe 20 Weeks #2 Justin Bieber Boyfriend
76%
SWAG 34 Weeks #2 Justin Bieber DAISIES
76%
Encore 33 Weeks #4 DJ Snake ft. Justin Bieber Let Me Love You
76%
Major Lazer Essentials 27 Weeks #2 Major Lazer ft. Justin Bieber & MO Cold Water
74%
No. 6 Collaborations Project 39 Weeks #2 Ed Sheeran & Justin Bieber I Don't Care
74%
Grateful 22 Weeks #1 (1 Week) DJ Khaled ft. Justin Bieber, Chance The Rapper, Quavo & Lil Wayne I'm the One
74%
The Karate Kid 19 Weeks #8 Justin Bieber ft. Jaden Smith Never Say Never
70%
Justice 52 Weeks #5 Justin Bieber Ghost
67%
Justice 25 Weeks #3 Justin Bieber ft. Chance The Rapper Holy
67%
Non-Album Single 30 Weeks #4 Dan + Shay with Justin Bieber 10,000 Hours
63%
Believe 29 Weeks #6 Justin Bieber ft. Big Sean As Long as You Love Me
63%
Believe Acoustic 1 Week #98 Justin Bieber As Long as You Love Me (Acoustic)
63%
Justice 20 Weeks #12 Justin Bieber & benny blanco Lonely
63%
Under the Mistletoe 18 Weeks #11 Justin Bieber Mistletoe
63%
Skrillex and Diplo Present Jack Ü and Purpose 45 Weeks #8 Skrillex & Diplo ft. Justin Bieber Where Are U Now
63%
Changes 31 Weeks #5 Justin Bieber ft. Quavo Intentions
61%
Wonder 14 Weeks #8 Shawn Mendes & Justin Bieber Monster
61%
Journals 4 Weeks #41 Justin Bieber ft. Chance The Rapper Confident
59%
My World 2.0 18 Weeks #15 Justin Bieber with Sean Kingston Eenie Meenie
59%
7 11 Weeks #16 David Guetta ft. Justin Bieber 2U
52%
My World 16 Weeks #16 Justin Bieber One Less Lonely Girl
52%
SWAG 43 Weeks #12 Justin Bieber YUKON
52%
Justice 17 Weeks #6 Justin Bieber Anyone
50%
Father of Asahd 15 Weeks #5 DJ Khaled ft. Justin Bieber, Chance The Rapper & Quavo No Brainer
50%
Purpose 7 Weeks #43 Justin Bieber Purpose
50%
Non-Album Single 10 Weeks #20 Justin Bieber + BloodPop Friends
48%
My World 25 Weeks #17 Justin Bieber One Time
48%
Justice 13 Weeks #20 Justin Bieber Hold On
41%
Justice 1 Week #91 Justin Bieber Somebody
41%
#willpower 16 Weeks #17 will.i.am ft. Justin Bieber #thatPOWER
41%
Journals 8 Weeks #24 Justin Bieber All That Matters
39%
Purpose 12 Weeks #53 Justin Bieber Company
39%
My World 2.0 18 Weeks #15 Justin Bieber Somebody To Love
37%
SWAG 1 Week #70 Justin Bieber, Cash Cobain & Eddie Benjamin SWAG
33%
Justice 3 Weeks #43 Justin Bieber ft. Khalid As I Am
30%
Journals 2 Weeks #13 Justin Bieber Heartbreaker
30%
SWAG II 2 Weeks #66 Justin Bieber SPEED DEMON
30%
My World 2.0 4 Weeks #27 Justin Bieber U Smile
30%
Made In Lagos 35 Weeks #9 Wizkid, Tems & Justin Bieber Essence
28%
My World 4 Weeks #37 Justin Bieber Love Me
28%
Believe 9 Weeks #22 Justin Bieber ft. Ludacris All Around the World
26%
Purpose 1 Week #74 Justin Bieber Children
26%
Purpose 4 Weeks #42 Justin Bieber Mark My Words
26%
Purpose 7 Weeks #31 Justin Bieber ft. Halsey The Feeling
26%
Purpose 12 Weeks #19 Justin Bieber I'll Show You
24%
Purpose 3 Weeks #54 Justin Bieber ft. Travi$ Scott No Sense
24%
Changes 2 Weeks #24 Justin Bieber ft. Post Malone & Clever Forever
22%
SWAG 3 Weeks #18 Justin Bieber GO BABY
22%
Purpose 4 Weeks #49 Justin Bieber ft. Big Sean No Pressure
22%
Justice 1 Week #64 Justin Bieber Off My Face
22%
Journals 1 Week #47 Justin Bieber Roller Coaster
22%
Justice 1 Week #68 Justin Bieber 2 Much
20%
SWAG 1 Week #21 Justin Bieber ALL I CAN TAKE
20%
Under the Mistletoe 1 Week #86 Mariah Carey & Justin Bieber All I Want for Christmas Is You (SuperFestive!)
20%
Believe 2 Weeks #17 Justin Bieber Die in Your Arms
20%
Dirty Bass 1 Week #21 Far East Movement ft. Justin Bieber Live My Life
20%
F.A.M.E. 3 Weeks #26 Chris Brown ft. Justin Bieber Next To You
20%
Journals 1 Week #54 Justin Bieber ft. R. Kelly PYD
20%
Believe 1 Week #95 Justin Bieber ft. Drake Right Here
20%
SWAG 2 Weeks #37 Justin Bieber WALKING AWAY
20%
SWAG 1 Week #49 Justin Bieber BUTTERFLIES
17%
Journals 1 Week #59 Justin Bieber Change Me
17%
Changes 1 Week #86 Justin Bieber Come Around Me
17%
Justice 1 Week #81 Justin Bieber ft. Dominic Fike Die for You
17%
My World 1 Week #99 Justin Bieber ft. Usher First Dance
17%
Non-Album Single 4 Weeks #19 Maejor Ali ft. Juicy J & Justin Bieber Lolly
17%
Journals 1 Week #41 Justin Bieber Recovery
17%
My World 2.0 1 Week #92 Justin Bieber That Should Be Me
17%
Journals 1 Week #53 Justin Bieber Bad Day
15%
Under the Mistletoe 2 Weeks #86 Justin Bieber ft. Busta Rhymes Drummer Boy
15%
Journals 1 Week #29 Justin Bieber Hold Tight
15%
My Worlds Acoustic 4 Weeks #61 Justin Bieber Pray
15%
SWAG 1 Week #57 Justin Bieber & Sexyy Red SWEET SPOT
15%
Fighting Demons 5 Weeks #49 Juice WRLD & Justin Bieber Wandered to LA
15%
Purpose (Deluxe) 1 Week #88 Justin Bieber ft. Nas We Are
15%
Journals 1 Week #50 Justin Bieber All Bad
13%
My World 1 Week #94 Justin Bieber Bigger
13%
Stoney 2 Weeks #75 Post Malone ft. Justin Bieber Deja Vu
13%
Justice 1 Week #76 Justin Bieber Deserve You
13%
Don't Get Too Close 1 Week #69 Skrillex, Justin Bieber & Don Toliver Don't Go
13%
My World 2 Weeks #26 Justin Bieber Favorite Girl
13%
Purpose (Deluxe) 1 Week #90 Justin Bieber Get Used to It
13%
Purpose 2 Weeks #67 Justin Bieber Life is Worth Living
13%
SWAG 1 Week #35 Justin Bieber THINGS YOU DO
13%
Justice 1 Week #62 Justin Bieber ft. Kid LAROI Unstable
13%
Non-Album Single 1 Week #68 Tyga & Justin Bieber Wait for a Minute
13%
Changes 1 Week #100 Justin Bieber All Around Me
11%
Purpose (Deluxe) 1 Week #81 Justin Bieber Been You
11%
SWAG 1 Week #56 Justin Bieber & Dijon DEVOTION
11%
My World 1 Week #79 Justin Bieber Down to Earth
11%
SWAG 1 Week #59 Justin Bieber FIRST PLACE
11%
Changes 1 Week #93 Justin Bieber ft. Kehlani Get Me
11%
Changes 1 Week #98 Justin Bieber Habitual
11%
Non-Album Single 2 Weeks #44 Justin Bieber ft. Don Toliver Honest
11%
Justice 1 Week #87 Justin Bieber ft. Burna Boy Loved by You
11%
Justice 1 Week #84 Justin Bieber ft. BEAM Love You Different
11%
My World 2.0 2 Weeks #21 Justin Bieber Never Let You Go
11%
SWAG 1 Week #33 Justin Bieber & Gunna WAY IT IS
11%
SWAG 1 Week #86 Justin Bieber 405
9%
Kiss 1 Week #87 Carly Rae Jepsen & Justin Bieber Beautiful
9%
SWAG 1 Week #84 Justin Bieber & Lil B DADZ LOVE
9%
Believe Acoustic 2 Weeks #59 Justin Bieber Nothing Like Us
9%
Love Sick 7 Weeks #72 Don Toliver ft. Justin Bieber & Future Private Landing
9%
Under the Mistletoe 1 Week #58 Justin Bieber ft. Usher The Christmas Song (Chestnuts Roasting on an Open Fire)
9%
Khaled Khaled 2 Weeks #54 DJ Khaled ft. Justin Bieber & 21 Savage Let It Go
7%
SWAG 1 Week #79 Justin Bieber TOO LONG
7%
Purpose (Deluxe) 1 Week #98 Justin Bieber Trust
7%
Non-Album Single 1 Week #60 Justin Bieber Turn To You
7%
SWAG II 1 Week #88 Justin Bieber LOVE SONG
4%
Indigo 1 Week #67 Chris Brown ft. Justin Bieber & Ink Don't Check on Me
2%
SWAG 1 Week #83 Justin Bieber GLORY VOICE MEMO
2%
Never Say Never: The Remixes 1 Week #74 Justin Bieber Born to Be Somebody
0%
Non-Album Single 4 Weeks #61 Justin Bieber Rockin' Around the Christmas Tree
0%
No matching quizzes found
Score Distribution
Percent of People with Each Score
Percentile by Number Answered
Your Score History
You have not taken this quiz since the last reset